| 000 | 00451nam a22001697a 4500 | ||
|---|---|---|---|
| 003 | MACL | ||
| 005 | 20211007141231.0 | ||
| 008 | 211007b |||||||| |||| 00| 0 eng d | ||
| 040 | _cMACL | ||
| 082 | _a825/RAU | ||
| 100 |
_aRau,S.K. _981226 |
||
| 245 |
_aA Journalist Reflects _bOn Eminent Governors, Editors & Politicians |
||
| 260 |
_aNew Delhi _bAvichal Publishing Company _c2017 |
||
| 300 | _ap253 | ||
| 650 |
_aMemories _918144 |
||
| 942 |
_2ddc _cBK |
||
| 999 |
_c64492 _d64492 |
||